<?xml version="1.0" encoding="UTF-8"?>
<record
    xmlns:xsi="http://www.w3.org/2001/XMLSchema-instance"
    xsi:schemaLocation="http://www.loc.gov/MARC21/slim http://www.loc.gov/standards/marcxml/schema/MARC21slim.xsd"
    xmlns="http://www.loc.gov/MARC21/slim">

  <leader>03822nam a2200385 a 4500</leader>
  <controlfield tag="001">ebr10578633</controlfield>
  <controlfield tag="003">CaPaEBR</controlfield>
  <controlfield tag="006">m        u        </controlfield>
  <controlfield tag="007">cr cn|||||||||</controlfield>
  <controlfield tag="008">110114s2011    mnu     sb    001 0 eng d</controlfield>
  <datafield tag="010" ind1=" " ind2=" ">
    <subfield code="z">  2011001445</subfield>
  </datafield>
  <datafield tag="020" ind1=" " ind2=" ">
    <subfield code="z">9781936117031 (acid-free paper)</subfield>
  </datafield>
  <datafield tag="020" ind1=" " ind2=" ">
    <subfield code="z">9781936117543 (e-book)</subfield>
  </datafield>
  <datafield tag="040" ind1=" " ind2=" ">
    <subfield code="a">CaPaEBR</subfield>
    <subfield code="c">CaPaEBR</subfield>
  </datafield>
  <datafield tag="035" ind1=" " ind2=" ">
    <subfield code="a">(OCoLC)808347591</subfield>
  </datafield>
  <datafield tag="043" ind1=" " ind2=" ">
    <subfield code="a">n-us---</subfield>
  </datafield>
  <datafield tag="050" ind1="1" ind2="4">
    <subfield code="a">Z682.4.G39</subfield>
    <subfield code="b">O98 2011eb</subfield>
  </datafield>
  <datafield tag="082" ind1="0" ind2="4">
    <subfield code="a">020.86/6</subfield>
    <subfield code="2">22</subfield>
  </datafield>
  <datafield tag="245" ind1="0" ind2="0">
    <subfield code="a">Out behind the desk</subfield>
    <subfield code="h">[electronic resource] :</subfield>
    <subfield code="b">workplace issues for LGBTQ librarians /</subfield>
    <subfield code="c">edited by Tracy Nectoux.</subfield>
  </datafield>
  <datafield tag="260" ind1=" " ind2=" ">
    <subfield code="a">Duluth, Minn. :</subfield>
    <subfield code="b">Library Juice Press,</subfield>
    <subfield code="c">2011.</subfield>
  </datafield>
  <datafield tag="300" ind1=" " ind2=" ">
    <subfield code="a">xiv, 275 p.</subfield>
  </datafield>
  <datafield tag="490" ind1="1" ind2=" ">
    <subfield code="a">Series on gender and sexuality in librarianship ;</subfield>
    <subfield code="v">no. 1</subfield>
  </datafield>
  <datafield tag="504" ind1=" " ind2=" ">
    <subfield code="a">Includes bibliographical references and index.</subfield>
  </datafield>
  <datafield tag="505" ind1="0" ind2=" ">
    <subfield code="a">A small town start / Ryan Donovan -- Sexuality, students, and disclosure / Johnnie Gray -- Girl meets girl, girl works with girl, girl falls in love with girl / Brenda Linares and Emily Vardell -- It's okay to be gay : a librarian's journey to acceptance and activism / Jason D. Phillips -- Out of the frying pan : coming out as a culinary school librarian / Rachel Wexelbaum -- Gay librarians on the tenure track : following the yellow brick road? / Paul Blobaum -- Out all over : giving voice to lgbts on campus / Donna Braquet &amp; Roger Weaver -- Managing outside the closet : on being an openly gay library administrator / Matthew Ciszek -- Homophobia in San Antonio / David Allen White -- Leather librarianship / John Bradford -- Gender changer / Jim Van Buskirk -- The secret life of bis : on not quite being out and not quite fitting in / BWS Johnson -- Pronoun police : a guide to transitioning at your local library / K.R. Roberto -- Out lines : an lgbt career in perspective / Robert B. Ridinger -- Outness and social networks : from closet to container store / Lia Friedman -- The challenges of coming out and being out in historical perspective / Richard Hulser -- Curating william inge / Marcel LaFlamme -- Activism in colorado : how life and librarianship bloomed in the desert west / Chris Hartman -- In and out behind the desk, in and out of the country / Kimberli Morris -- "Do they know?" : a gay librarian at a catholic university / Martin Garnar -- All about my job hunt : the diary of a wannabe librarian / Andy Foskey -- Maria t. accardi / Pride and Paranoia @ Your Library -- When is the personal not professional? : an exploration / Kellian Clink -- Out in the classroom / Ann L. O'Neill -- Taking the homosexual highroad / Nicola Price -- Patricia's child, patrick's penis, &amp; the sex of reference : a lesbian librarian's log of perverse patronage / Shawn(ta) Smith -- On being as if : imagination and gay librarianship / William A. Thompson.</subfield>
  </datafield>
  <datafield tag="520" ind1=" " ind2=" ">
    <subfield code="a">"An anthology of personal accounts by librarians and library workers relating experiences of being gay, lesbian, bisexual, transgendered, or queer at work. A broad spectrum of orientations and gender identities are represented, highlighting a range of experiences of being and/or coming out at work"--Provided by publisher.</subfield>
  </datafield>
  <datafield tag="533" ind1=" " ind2=" ">
    <subfield code="a">Electronic reproduction.</subfield>
    <subfield code="b">Palo Alto, Calif. :</subfield>
    <subfield code="c">ebrary,</subfield>
    <subfield code="d">2011.</subfield>
    <subfield code="n">Available via World Wide Web.</subfield>
    <subfield code="n">Access may be limited to ebrary affiliated libraries.</subfield>
  </datafield>
  <datafield tag="650" ind1=" " ind2="0">
    <subfield code="a">Gay librarians</subfield>
    <subfield code="x">Employment</subfield>
    <subfield code="z">United States.</subfield>
  </datafield>
  <datafield tag="650" ind1=" " ind2="0">
    <subfield code="a">Bisexual librarians</subfield>
    <subfield code="x">Employment</subfield>
    <subfield code="z">United States.</subfield>
  </datafield>
  <datafield tag="650" ind1=" " ind2="0">
    <subfield code="a">Transgender librarians</subfield>
    <subfield code="x">Employment</subfield>
    <subfield code="z">United States.</subfield>
  </datafield>
  <datafield tag="655" ind1=" " ind2="7">
    <subfield code="a">Electronic books.</subfield>
    <subfield code="2">local</subfield>
  </datafield>
  <datafield tag="700" ind1="1" ind2=" ">
    <subfield code="a">Nectoux, Tracy Marie.</subfield>
  </datafield>
  <datafield tag="710" ind1="2" ind2=" ">
    <subfield code="a">ebrary, Inc.</subfield>
  </datafield>
  <datafield tag="830" ind1=" " ind2="0">
    <subfield code="a">Gender and sexuality in librarianship ;</subfield>
    <subfield code="v">no. 1.</subfield>
  </datafield>
  <datafield tag="856" ind1="4" ind2="0">
    <subfield code="u">http://site.ebrary.com/lib/rucke/Doc?id=10578633</subfield>
    <subfield code="z">An electronic book accessible through the World Wide Web; click to view</subfield>
  </datafield>
  <datafield tag="999" ind1=" " ind2=" ">
    <subfield code="c">86377</subfield>
    <subfield code="d">86377</subfield>
  </datafield>
</record>
